| 000 | 00377nam a2200121 a 4500 | ||
|---|---|---|---|
| 001 | 000038353 | ||
| 005 | 20201002031233.0 | ||
| 008 | 130409s1991 dr 000 0 spa d | ||
| 040 |
_aDO-SdBNP _bspa _cBNPHU |
||
| 245 | 0 | 0 | _aReforma del sistema financiero. |
| 260 |
_aSanto Domingo : _bAsociación Nacional de Jóvenes Empresarios (ANJE), _c1991. |
||
| 300 |
_a172 p. : _bil. ; _c22 cm. |
||
| 999 |
_c37843 _d37843 |
||